000 00683nam a22001577a 4500
003 OSt
005 20150917165630.0
008 150917b xxu||||| |||| 00| 0 eng d
040 _cRUA
082 _aAGR SIP 2001 B026 Or.1
100 _9712
_aSIP, PAGNASOLEY.
245 _aStudy on gelatinzation temperature and coocked rice expansion of some rice varieties ការសិក្សាទៅលើសីតុណ្ហាភាពអន្ធិលកម្ម និងភាពរីកនៃសាច់គ្រាប់អង្កទៅលើពូជស្រូវមួយចំនួន
260 _aPhnom Penh
_bRUA
_c2001
300 _a52p.
_bill.
_c29cm.
942 _2ddc
_cAGR
999 _c685
_d685